00379nam a2200157Ia 4500008004100000020001500041082001300056100001800069245003900087250000800126260003000134300000800164500002400172650001400196700001100210230524s9999 xx 000 0 und d a8121917875 a546bPRA aSatya Prakash 0aAdvance In Organic Chemistry Vol-2 a4TH aNEW DELHIbS. Chandc2005 a655 aQuantity Number: 2 aChemistry a. Atal